Catálogo
 En Linea

La vida, la amistad y el amor / (Registro nro. 3483)

Detalles MARC
000 -CABECERA
campo de control de longitud fija 00749nam a2200229 a 4500
001 - NÚMERO DE CONTROL
campo de control 000003660
005 - FECHA Y HORA DE LA ÚLTIMA TRANSACCIÓN
campo de control 20240530073930.0
008 - DATOS DE LONGITUD FIJA--INFORMACIÓN GENERAL
campo de control de longitud fija 090713s2004 dr a 000 0 spa d
020 ## - NÚMERO INTERNACIONAL ESTÁNDAR DEL LIBRO
Número Internacional Estándar del Libro 999340442X
040 ## - FUENTE DE LA CATALOGACIÓN
Centro catalogador/agencia de origen DO-SdBNP
Lengua de catalogación spa
Centro/agencia transcriptor BNPHU
082 ## - NÚMERO DE LA CLASIFICACIÓN DECIMAL DEWEY
Número de clasificación RD864.5
Número de documento/Ítem C313v
049 ## - FONDOS LOCALES (OCLC)
Fondos de biblioteca BNPD
100 1# - ENTRADA PRINCIPAL--NOMBRE DE PERSONA
Nombre de persona Carrasco Rosario, Lilian,
Fechas asociadas al nombre 1986-
9 (RLIN) 11225
245 13 - MENCIÓN DE TÍTULO
Título La vida, la amistad y el amor /
Mención de responsabilidad, etc. Lilian Carrasco.
260 ## - PUBLICACIÓN, DISTRIBUCIÓN, ETC.
Lugar de publicación, distribución, etc. Santo Domingo :
Nombre del editor, distribuidor, etc. Cocolo,
Fecha de publicación, distribución, etc. 2004.
300 ## - DESCRIPCIÓN FÍSICA
Extensión 71p. :
Otras características físicas il. ;
Dimensiones 22cm.
500 ## - NOTA GENERAL
Nota general Incluye datos biográficos de la autora en las solapas.
505 0# - NOTA DE CONTENIDO CON FORMATO
Título La vida --
-- La amistad --
-- El amor --
-- Posfacio.
650 #0 - PUNTO DE ACCESO ADICIONAL DE MATERIA--TÉRMINO DE MATERIA
Término de materia o nombre geográfico como elemento de entrada Ensayos dominicanos
9 (RLIN) 65
650 #0 - PUNTO DE ACCESO ADICIONAL DE MATERIA--TÉRMINO DE MATERIA
Término de materia o nombre geográfico como elemento de entrada Literatura dominicana.
9 (RLIN) 67
910 ## - DATOS DE OPCIÓN DEL USUARIO (OCLC)
Datos de opción del usuario Validado. Control de calidad EMS
Existencias
Estado de retiro Estado de pérdida Restricciones de uso No para préstamo Código de colección Localización permanente Ubicación/localización actual Ubicación en estantería Fecha de adquisición Número de inventario Total de préstamos Signatura topográfica completa Código de barras Fecha visto por última vez Número de copia Precio válido a partir de Tipo de ítem Koha Fuente de adquisición
        Dominicana de Servicio General General Depósito 16.07.2010 LF1   RD864.5 C313v 3660-40 25.06.2020 e. 4 25.06.2020 Libro y Folleto Colección Dominicana de Servicio  
      Excluido de préstamo Patrimonio Dominicano Patrimonio Dominicano Patrimonio Dominicano Depósito 13.07.2009 LF1   RD864.5 C313v 3660-20 25.06.2020 e. 2 25.06.2020 Libro y Folleto Colección Patrimonio Dominicano  
        Dominicana de Servicio Patrimonio Dominicano Patrimonio Dominicano Depósito 13.07.2009 LF1   RD864.5 C313v 3660-30 25.06.2020 e. 3 25.06.2020 Libro y Folleto Colección Dominicana de Servicio  
      Excluido de préstamo Patrimonio Dominicano Patrimonio Dominicano Patrimonio Dominicano Depósito 13.07.2009 LF1   RD864.5 C313v 3660-10 25.06.2020   25.06.2020 Libro y Folleto Colección Patrimonio Dominicano 002344

Con tecnología Koha